The 10 common basic principles on Roma inclusion Vademecum

Uloženo v:
Podrobná bibliografie
Korporativní autor: Unione Europea
Médium: Kniha
Jazyk:angličtina
Tagy: Přidat tag
Žádné tagy, Buďte první, kdo vytvoří štítek k tomuto záznamu!

MARC

LEADER 00000nam a2200000 4500
005 20240605192408.0
008 240605b |||||||| |||| 00| 0 eng d
020 |a 9789279153211 
040 |c GP 
110 |a Unione Europea 
245 |a The 10 common basic principles on Roma inclusion  |b Vademecum 
942 |2 ddc  |c BK  |n 0 
952 |0 0  |1 0  |2 ddc  |4 0  |6 361_370000000000000_EUR  |7 1  |9 1372  |a RM  |b RM  |d 2024-06-05  |l 0  |o 361.370 EUR  |p 209  |r 2024-06-05 19:24:33  |w 2024-06-05  |y BK 
999 |c 1262  |d 1262